Statistiken für Zusammengefügte Länderumrisse Quiz

Klicken Sie hier um das Quiz zu spielen!

Allgemein

  • Dieses Quiz wurde 9.384 mal gespielt
  • Das Durchschnittsergebnis liegt bei 27 aus 40

Antwortstatistiken

Land% Korrekt
Deutschland
98%
Schweden
98%
Dänemark
97%
Finnland
97%
Spanien
94%
Portugal
93%
Österreich
90%
Schweiz
90%
Kroatien
85%
Serbien
81%
Südafrika
78%
Laos
76%
Myanmar
74%
Kambodscha
72%
Bangladesch
71%
Panama
71%
Libyen
70%
Tunesien
70%
Mosambik
69%
Nordkorea
69%
Südkorea
69%
Somalia
67%
Costa Rica
66%
Äthiopien
65%
Sudan
65%
Südsudan
64%
Slowakei
63%
Tschechien
63%
Polen
58%
Belarus
57%
Haiti
56%
Dominikanische
Republik
55%
Kirgisistan
46%
Tadschikistan
45%
Kenia
43%
Tansania
43%
Kolumbien
40%
Venezuela
40%
Bolivien
38%
Paraguay
37%

Verteilung der Resultate

Perzentil nach korrekt beantworteten Fragen

Anzahl Personen mit jedem Resultat

Ihre Resultats-Entwicklung

Sie haben dieses Quiz noch nicht gespielt